00512nam a22001937a 4500003000400000005001700004008004100021020001800062040000900080082002100089100002900110245002000139250001300159260003100172300001000203630002600213650003500239650004400274OSt20260319161541.0260319b |||||||| |||| 00| 0 eng d a81-7130-009-X cSBCL a894.8123 bBAS-B aBasheer,Vaikom Muhammad  aBalyakalasakhi  a76th ed. aKottayam bDC Books c2025 a128p. xLiterature & rhetoric aLiteratures of other languages aAltaic, Uralic, Hyperborean & Dravidian